=LDR 00000nam 2200000 4500 =001 INLIS000000000010154 =005 20130612101854 =008 ***********************************Ind** =035 ##$$0010-061300000010154 =041 ##$$a Ind =082 ##$$a 658.5 =090 ##$$a 658.5, Buf m =100 ##$$a Buffa, Elwood S =245 ##$$a Manajemen operasi produksi modern, Elwood S. Buffa =260 ##$$a 1996 $b Jakarta =300 ##$$a ...jil, ilus, 22 cm =650 ##$$a Manajemen Produksi =850 ##$$a NBPNMAT =990 ##$$a 0001/BPAP-NTB/2015 =990 ##$$a 0001/BPAP-NTB/2015 =990 ##$$a 0001/BPAP-NTB/2016